000 00939nam2a2200229 4500
001 RU\NLR\PER_A\002663492_004360
005 20250626061437.0
035 _a(NLR Aleph) 011406082
090 _a11532439
_c11532439
100 _a20170614d2017 |||y0rusy50 ca
101 0 _arus
102 _aRU
200 1 _aЧто необходимо знать о своих правах наемному работнику
210 _d2017
_aБ. м.
461 0 _1001RU\NLR\Per\487081
_12001#$aСправочник председателя профкома$v2017, № 8
_93980051
_cМосква
_d2006 -
_nПрофиздат
_tСправочник председателя профкома
_v2017, № 8
606 1 _aТрудовые правоотношения
_yРоссийская Федерация
_92286871
_3RU\NLR\AUTH\661369804
686 1 _aХ627.1
852 _aNLR
_jП22/8331
942 _cISSUE
980 _aNB
980 _aRUSPER